000 00668cas a22001935a 4500
001 L139420
008 070726d19271930xxkmr p 0 a0eng u
035 _a(Sirsi) u139420
041 0 _aeng
110 2 _aIncorporated Society of Auctioneers and Landed Property Agents
_94878
245 0 0 _aIsalpa
_bBeing the Official Monthly Organ of the Incorporated Society of Auctioneers and Landed Property Agents
260 _aLondon
_bISALPA
_c1927-1930
362 0 _a1(1) January 1927-4(41) May 1930
554 _a12 per year
651 4 _aEngland and Wales
_y1543-
690 _aPROPERTY
785 0 0 _tThe Journal of the Incorporated Society of Auctioneers
942 _n0
999 _c119091
_d119091